Seminar collection Kerala (Record no. 1059306)

MARC details
000 -LEADER
fixed length control field 00553nam a2200229Ia 4500
003 - CONTROL NUMBER IDENTIFIER
control field OSt
005 - DATE AND TIME OF LATEST TRANSACTION
control field 20221005131107.0
008 - FIXED-LENGTH DATA ELEMENTS--GENERAL INFORMATION
fixed length control field 221004b |||||||| |||| 00| 0 tam d
037 ## - SOURCE OF ACQUISITION
Terms of availability Textual
040 ## - CATALOGING SOURCE
Original cataloging agency CRL
Transcribing agency CRL
Language of cataloging tam
041 ## - LANGUAGE CODE
Source of code tam
Language code of text/sound track or separate title tam
245 #0 - TITLE STATEMENT
Title Seminar collection Kerala
260 ## - PUBLICATION, DISTRIBUTION, ETC.
Date of publication, distribution, etc. 1972
300 ## - PHYSICAL DESCRIPTION
Extent 670p.
Dimensions cm.
650 ## - SUBJECT ADDED ENTRY--TOPICAL TERM
Topical term or geographic name entry element TAMIL LANGUAGE
942 ## - ADDED ENTRY ELEMENTS (KOHA)
Classification part O31p211'N72, L2
Koha item type Textual
Source of classification or shelving scheme
Holdings
Withdrawn status Lost status Damaged status Not for loan Home library Current library Date acquired Total Checkouts Full call number Barcode Date last seen Price effective from Koha item type
        Central Library Central Library 2022-10-05   O31p211'N72 L2 CL0695474 2022-10-05 2022-10-05 Textual
Copyright @ Delhi University Library System